| 000 | 01928nam0a2200337 4500 | ||
|---|---|---|---|
| 001 | RU\NLR\BIBL_A\012216901 | ||
| 005 | 20200212132426.0 | ||
| 021 |
_aRU _b85-56493 |
||
| 035 | _a(NLR Aleph) 012216901 | ||
| 090 |
_a10911944 _c10911944 |
||
| 100 | _a20200212d1985 k y0rusy50 ca | ||
| 101 | 0 | _arus | |
| 102 | _aRU | ||
| 105 | _ay n 000 y | ||
| 181 | 0 |
_ai _baxxe |
|
| 182 | 0 | _an | |
| 200 | 1 |
_aПротоколы совещаний наркомов просвещения союзных и автономных республик, 1919-1924 _fАН СССР. Институт истории СССР, Центральный государственный архив СССР, Институт марксизма-ленинизма при ЦК КПСС, Главное архивное управление при Совете Министров СССР, Министерство культуры СССР, Министерство культуры РСФСР _g[сост. Л. И. Давыдова и др.] _gредкол.: М. П. Ким -гл. ред. |
|
| 203 |
_aТекст _bвизуальный _cнепосредственный |
||
| 210 |
_aМосква _cНаука _d1985 |
||
| 215 |
_a231 с. _d20 |
||
| 225 | 1 |
_aИстория культурного строительства в СССР, 1917-1977 _eдокументы и материалы _fредкол.: М. П. Ким - гл. ред. и др. |
|
| 320 | _aБиблиогр.: с. 224 | ||
| 606 | 1 |
_aНародное образование _jСъезды, совещания и т.п. _yСССР _91338451 _3RU\NLR\AUTH\66242696 |
|
| 686 | 1 | _aЧ34(2)л0 | |
| 702 | 1 |
_aДавыдова _bЛ. И. _gЛюдмила Исаковна _4220 |
|
| 702 | 1 |
_aКим _bМ. П. _gМаксим Павлович _4340 |
|
| 852 |
_aNLR _j85-3/8615 |
||
| 942 | _cBOOK | ||
| 980 | _aNB | ||